[Event "NAYCC U10"]
[Site "Kingston CAN"]
[Date "2019.08.19"]
[Round "8.34"]
[White "Reyes, Isaac"]
[Black "Ran, Sean"]
[Result "0-1"]
[WhiteElo "1451"]
[BlackElo "1264"]
[PlyCount "38"]
[EventDate "2019.08.16"]
[EventType "swiss"]
[EventRounds "9"]
[EventCountry "CAN"]

1. c4 e5 2. d3 f5 3. g3 Nf6 4. Bg2 Nc6 5. e3 Bc5 6. Ne2 d6 7. O-O O-O 8. Nbc3
Qe8 9. a3 a6 10. b4 Bb6 11. Qb3 Kh8 12. Bb2 Qh5 13. Rfe1 f4 14. Bxc6 bxc6 15.
d4 f3 16. Nf4 exf4 17. Kh1 Qh3 18. Rg1 Ng4 19. exf4 Qxh2# 0-1

[Event "NAYCC U10"]
[Site "Kingston CAN"]
[Date "2019.08.19"]
[Round "8.35"]
[White "Williamson, Mobius"]
[Black "Liang, Leon"]
[Result "1/2-1/2"]
[WhiteElo "1420"]
[BlackElo "1198"]
[PlyCount "96"]
[EventDate "2019.08.16"]
[EventType "swiss"]
[EventRounds "9"]
[EventCountry "CAN"]

1. c4 e5 2. Nc3 Nf6 3. g3 Nc6 4. Bg2 b6 5. d3 Bb7 6. Nf3 Bc5 7. Nxe5 O-O 8. Nf3
Nd4 9. e3 Re8 10. O-O Nxf3+ 11. Bxf3 Bxf3 12. Qxf3 Be7 13. a3 a5 14. Bd2 d6 15.
Nb5 Nd7 16. d4 c5 17. d5 Ne5 18. Qe2 Qd7 19. Bc3 Bf6 20. Bxe5 Bxe5 21. a4 Rac8
22. Rad1 g6 23. b3 Bg7 24. Qf3 Rcd8 25. Rfe1 h5 26. h4 Qe7 27. Re2 Qe5 28. Rde1
Qe4 29. Qxe4 Rxe4 30. f3 Re7 31. e4 f6 32. Kh2 Kh7 33. Rg2 f5 34. Rge2 f4 35.
Rg2 fxg3+ 36. Rxg3 Be5 37. Reg1 Rf7 38. Kh3 Bxg3 39. Rxg3 Kg7 40. Kg2 Rf6 41.
Kf2 Kf7 42. Ke3 Ke7 43. Rg5 Kd7 44. Rg3 Rg8 45. f4 Re8 46. Rg5 Rg8 47. e5 Re8
48. e6+ Ke7 1/2-1/2

[Event "NAYCC U10"]
[Site "Kingston CAN"]
[Date "2019.08.19"]
[Round "8.36"]
[White "Chinni, Rishabh"]
[Black "Qian, Eric"]
[Result "1-0"]
[WhiteElo "1324"]
[BlackElo "1152"]
[PlyCount "119"]
[EventDate "2019.08.16"]
[EventType "swiss"]
[EventRounds "9"]
[EventCountry "CAN"]

1. e4 c5 2. Nf3 d6 3. d4 cxd4 4. Nxd4 Nf6 5. Nc3 a6 6. Be3 e5 7. Nb3 Be7 8. f3
Be6 9. Qd2 Nbd7 10. O-O-O O-O 11. g4 b5 12. h4 Rc8 13. h5 Nb6 14. Bxb6 Qxb6 15.
g5 Nd7 16. Bh3 b4 17. Nd5 Bxd5 18. exd5 Rc7 19. g6 f6 20. gxh7+ Kh8 21. Bxd7
Rxd7 22. Qd3 Rc8 23. Qg6 a5 24. h6 Bf8 25. Qf5 Rcc7 26. Qe6 Rf7 27. hxg7+ Rxg7
28. Qxf6 Rcf7 29. Qh4 Rxf3 30. Qe4 Rf4 31. Rdf1 Rgf7 32. Rxf4 exf4 33. Qd4+
Qxd4 34. Nxd4 Rxh7 35. Rxh7+ Kxh7 36. Nc6 Bg7 37. Nxa5 f3 38. Kd2 Bxb2 39. Ke3
Kg6 40. Nb7 Kf5 41. Nxd6+ Ke5 42. Nc4+ Kxd5 43. Nxb2 Kc5 44. Kxf3 Kd4 45. Nd1
Kc4 46. Ke4 Kc5 47. Nb2 Kc6 48. Nd3 Kb5 49. Kd4 Ka4 50. Nxb4 Kxb4 51. c4 Ka3
52. c5 Kxa2 53. c6 Kb2 54. c7 Kc2 55. c8=Q+ Kd2 56. Qc3+ Ke2 57. Qe3+ Kd1 58.
Qf2 Kc1 59. Kc3 Kd1 60. Qd2# 1-0

[Event "NAYCC U10"]
[Site "Kingston CAN"]
[Date "2019.08.19"]
[Round "8.37"]
[White "Zuo, Roger"]
[Black "Velasquez, Noah"]
[Result "1/2-1/2"]
[WhiteElo "1034"]
[BlackElo "1039"]
[PlyCount "127"]
[EventDate "2019.08.16"]
[EventType "swiss"]
[EventRounds "9"]
[EventCountry "CAN"]

1. e4 c5 2. Nf3 Nc6 3. c3 d6 4. h3 e6 5. Bd3 Bd7 6. Bc2 Be7 7. d4 cxd4 8. cxd4
Nf6 9. Nc3 Rc8 10. Be3 a6 11. a3 b5 12. Rc1 Na5 13. Nd2 Nb7 14. Bb1 a5 15. Qb3
a4 16. Qc2 Na5 17. Qd3 Nb7 18. O-O Qa5 19. b4 axb3 20. Nxb3 Qa6 21. a4 Qa8 22.
axb5 Na5 23. Nxa5 Qxa5 24. Rfd1 Qa8 25. e5 Nd5 26. Nxd5 Qxd5 27. Rxc8+ Bxc8 28.
Rc1 Bd7 29. Qc4 Qxc4 30. Rxc4 dxe5 31. dxe5 Bxb5 32. Rc8+ Bd8 33. Bb6 Kd7 34.
Rb8 Bc6 35. Kf1 Re8 36. Bxd8 Rxd8 37. Rxd8+ Kxd8 38. Bxh7 g6 39. h4 Ke8 40. h5
gxh5 41. g3 Bf3 42. Ke1 Kd7 43. Kd2 Ke7 44. Ke3 Bd5 45. Kf4 f6 46. Bg6 fxe5+
47. Kxe5 Bf3 48. Kf4 Kf6 49. Be8 Bg4 50. f3 e5+ 51. Ke4 Bf5+ 52. Kd5 Be6+ 53.
Kd6 Bf5 54. Bxh5 e4 55. fxe4 Bxe4 56. Be2 Kg5 57. Ke5 Bf5 58. Bd1 Bg4 59. Bc2
Be2 60. Bf5 Bg4 61. Bh7 Bd7 62. Bc2 Kg4 63. Kd6 Kxg3 64. Kxd7 1/2-1/2

[Event "NAYCC U10"]
[Site "Kingston CAN"]
[Date "2019.08.19"]
[Round "8.38"]
[White "Kurup, Siddharth"]
[Black "Mane, Arnav"]
[Result "1/2-1/2"]
[WhiteElo "1434"]
[BlackElo "1168"]
[PlyCount "36"]
[EventDate "2019.08.16"]
[EventType "swiss"]
[EventRounds "9"]
[EventCountry "CAN"]

1. d4 d5 2. Bf4 Nf6 3. e3 e6 4. Nd2 c5 5. c3 Nc6 6. Bd3 cxd4 7. exd4 Bd6 8. Bg3
O-O 9. Ngf3 Qc7 10. Qe2 Re8 11. Ne5 Nd7 12. Bxh7+ Kf8 13. f4 Bxe5 14. fxe5 g6
15. O-O Kg7 16. Bxg6 fxg6 17. Qf3 Rf8 18. Qg4 Rf5 1/2-1/2

[Event "NAYCC U10"]
[Site "Kingston CAN"]
[Date "2019.08.19"]
[Round "8.39"]
[White "Garcia, Maximiliano"]
[Black "Su, Leo"]
[Result "1/2-1/2"]
[WhiteElo "1391"]
[BlackElo "915"]
[PlyCount "104"]
[EventDate "2019.08.16"]
[EventType "swiss"]
[EventRounds "9"]
[EventCountry "CAN"]

1. d4 Nf6 2. Bf4 g6 3. e3 Bg7 4. Nf3 O-O 5. Nbd2 d6 6. Be2 Nc6 7. h3 Bf5 8. c3
a6 9. O-O Nd5 10. Bh2 Nf6 11. Nh4 Be6 12. Nhf3 Bf5 13. Nh4 Be6 14. Bd3 Bd5 15.
Nhf3 Be6 16. Qc2 Bd7 17. Qb1 Rb8 18. Bc2 e5 19. Re1 Qc8 20. Ng5 Bh6 21. Ndf3
Bg7 22. Nd2 Bh6 23. Ndf3 Bg7 24. Nd2 Bh6 25. Ngf3 Bg7 26. Ng5 Bh6 27. Nge4 Nxe4
28. Nxe4 Bg7 29. Bd3 Bf5 30. Nd2 Bxd3 31. Qxd3 Qd8 32. Qc2 Re8 33. Ne4 Ra8 34.
Nd2 exd4 35. exd4 Qd7 36. Nf3 Rab8 37. Rxe8+ Rxe8 38. Qd2 Qc8 39. Re1 Qd7 40.
Kf1 Qc8 41. Rxe8+ Qxe8 42. Qe1 Qxe1+ 43. Kxe1 h5 44. Kd2 Kf8 45. Kd3 Ke7 46.
Ke4 Kd7 47. Kd5 Ke7 48. h4 Kd7 49. Ng5 Bf6 50. Bg3 Bxg5 51. hxg5 Ne7+ 52. Ke4
Nc6 1/2-1/2

[Event "NAYCC U10"]
[Site "Kingston CAN"]
[Date "2019.08.19"]
[Round "8.40"]
[White "Zhang, Daniel"]
[Black "Qiu, Max"]
[Result "1-0"]
[WhiteElo "1267"]
[BlackElo "888"]
[PlyCount "31"]
[EventDate "2019.08.16"]
[EventType "swiss"]
[EventRounds "9"]
[EventCountry "CAN"]

1. e4 c5 2. Nf3 Nc6 3. d4 b6 4. d5 Nb8 5. c4 d6 6. Nc3 Nf6 7. Bd3 Qc7 8. Bf4
Nbd7 9. Qe2 Nh5 10. Be3 e5 11. dxe6 fxe6 12. Ng5 e5 13. Qxh5+ g6 14. Qf3 Qb7
15. Qf7+ Kd8 16. Ne6# 1-0

[Event "NAYCC U10"]
[Site "Kingston CAN"]
[Date "2019.08.19"]
[Round "8.41"]
[White "Liu, Henry"]
[Black "Huang, Winston"]
[Result "0-1"]
[WhiteElo "797"]
[BlackElo "1220"]
[PlyCount "50"]
[EventDate "2019.08.16"]
[EventType "swiss"]
[EventRounds "9"]
[EventCountry "CAN"]

1. e4 e5 2. Nf3 Nc6 3. Nc3 Nf6 4. g3 Bc5 5. Bg2 d6 6. O-O O-O 7. d3 h6 8. Bd2
Bg4 9. Qe2 Nd4 10. Rac1 Nxe2+ 11. Nxe2 Re8 12. Nc3 c6 13. b3 d5 14. exd5 cxd5
15. Na4 Bb6 16. Nxb6 Qxb6 17. Rfe1 Rad8 18. Nxe5 Qd6 19. Nxg4 Nxg4 20. Rxe8+
Rxe8 21. Bf4 Qb6 22. Rf1 Re2 23. Bf3 Rxf2 24. Bxg4 Rxf4+ 25. Kg2 Rxg4 0-1

[Event "NAYCC U10"]
[Site "Kingston CAN"]
[Date "2019.08.19"]
[Round "8.42"]
[White "Jin, Harold"]
[Black "Luan, Jacky"]
[Result "1-0"]
[WhiteElo "1188"]
[BlackElo "594"]
[PlyCount "119"]
[EventDate "2019.08.16"]
[EventType "swiss"]
[EventRounds "9"]
[EventCountry "CAN"]

1. e4 e5 2. Nf3 Nc6 3. Bb5 a6 4. Ba4 Nf6 5. O-O Bc5 6. c3 O-O 7. d4 exd4 8.
cxd4 Be7 9. Re1 d5 10. exd5 Nxd5 11. Nc3 Nb6 12. Bc2 Nb4 13. Bb1 Bg4 14. a3
N4d5 15. Nxd5 Nxd5 16. Qd3 Nf6 17. Bg5 g6 18. h3 Bf5 19. Qe2 Be6 20. Ba2 Bxa2
21. Qxe7 Qxe7 22. Rxe7 Nd5 23. Rd7 Bb3 24. Nd2 Nb6 25. Rxc7 Bd5 26. Be7 Rfe8
27. b3 Rac8 28. Rxc8 Nxc8 29. Bb4 Re2 30. Rc1 Nb6 31. Ba5 Nd7 32. Rc8+ Kg7 33.
Rd8 Nf6 34. Rc8 Ne4 35. Nxe4 Bxe4 36. Bc3 Kh6 37. Rc7 f5 38. Re7 Rc2 39. Ba5
Rb2 40. b4 Ra2 41. f3 Bd5 42. Rd7 Bc6 43. Rd6 Rxa3 44. d5 Bb5 45. Rb6 Bc4 46.
d6 Rd3 47. Rxb7 Rxd6 48. Bc7 Rd7 49. Bf4+ g5 50. Bxg5+ Kxg5 51. Rxd7 h5 52. Rd4
Bb5 53. g4 hxg4 54. hxg4 fxg4 55. Rxg4+ Kf5 56. Kf2 Bd7 57. Kg3 Kf6 58. Rd4 Bc6
59. Rd6+ Ke7 60. Rxc6 1-0

[Event "NAYCC U10"]
[Site "Kingston CAN"]
[Date "2019.08.19"]
[Round "8.43"]
[White "Huang, Ivan"]
[Black "Zhang, Kevin"]
[Result "1/2-1/2"]
[WhiteElo "1138"]
[BlackElo "1185"]
[PlyCount "59"]
[EventDate "2019.08.16"]
[EventType "swiss"]
[EventRounds "9"]
[EventCountry "CAN"]

1. e4 c5 2. Nf3 d6 3. d4 cxd4 4. Nxd4 Nf6 5. Nc3 g6 6. Be3 Bg7 7. Bc4 O-O 8. f3
Nc6 9. Bb3 Bd7 10. O-O Rc8 11. Qd2 Re8 12. Kh1 Qc7 13. Rfe1 a6 14. Rad1 b5 15.
a3 Rcd8 16. Qf2 Qb7 17. Nd5 Nxd5 18. Bxd5 e6 19. Bb3 Na5 20. Ba2 Nc4 21. Bxc4
bxc4 22. c3 e5 23. Ne2 Qxb2 24. Bb6 Rb8 25. Rxd6 Re6 26. Bc7 Rxd6 27. Bxd6 Rd8
28. Bb4 Ba4 29. Qb6 Qd2 30. Ng1 1/2-1/2

[Event "NAYCC U10"]
[Site "Kingston CAN"]
[Date "2019.08.19"]
[Round "8.44"]
[White "Murali, Dhruv"]
[Black "Zhang, Arthur"]
[Result "1/2-1/2"]
[WhiteElo "972"]
[BlackElo "1703"]
[PlyCount "64"]
[EventDate "2019.08.16"]
[EventType "swiss"]
[EventRounds "9"]
[EventCountry "CAN"]

1. d4 d5 2. c4 e6 3. Nc3 Nf6 4. Nf3 Be7 5. Bf4 O-O 6. e3 b6 7. Be2 Bb7 8. O-O
c5 9. cxd5 exd5 10. Bg5 Nbd7 11. Bd3 h6 12. Bh4 Rc8 13. Rc1 Re8 14. Re1 Ne4 15.
Bxe7 Qxe7 16. Bxe4 dxe4 17. Nd2 Nf6 18. f3 cxd4 19. exd4 Qd7 20. Ndxe4 Nxe4 21.
fxe4 Rcd8 22. d5 Re5 23. Qa4 Qxa4 24. Nxa4 Rde8 25. Nc3 f5 26. Nb5 Rxe4 27.
Rxe4 fxe4 28. Nd6 Rb8 29. Nxb7 Rxb7 30. Rd1 Kf7 31. Kf2 Kf6 32. Ke3 Ke5 1/2-1/2

[Event "NAYCC U10"]
[Site "Kingston CAN"]
[Date "2019.08.19"]
[Round "8.45"]
[White "Wang, Leo"]
[Black "Chen, Ricky"]
[Result "0-1"]
[WhiteElo "1040"]
[BlackElo "954"]
[PlyCount "68"]
[EventDate "2019.08.16"]
[EventType "swiss"]
[EventRounds "9"]
[EventCountry "CAN"]

1. c4 Nf6 2. Nc3 e5 3. g3 g6 4. Bg2 Bg7 5. Nf3 O-O 6. Nxe5 d6 7. Nf3 Be6 8. Ng5
Nbd7 9. Nxe6 fxe6 10. Bxb7 Rb8 11. Bg2 Ng4 12. O-O Nde5 13. d3 c6 14. Bf4 Qb6
15. d4 Nxc4 16. b3 e5 17. dxe5 dxe5 18. bxc4 exf4 19. Rb1 Qc5 20. Rxb8 Rxb8 21.
Qd2 fxg3 22. hxg3 Rf8 23. Ne4 Qxc4 24. Rc1 Qd4 25. Qxd4 Bxd4 26. e3 Nxe3 27.
fxe3 Bxe3+ 28. Kh2 Bxc1 29. Nd6 c5 30. Bd5+ Kg7 31. Ne4 Rc8 32. Nxc5 Rxc5 33.
Bb3 Kf6 34. Kg2 Ke5 0-1

[Event "NAYCC U10"]
[Site "Kingston CAN"]
[Date "2019.08.19"]
[Round "8.46"]
[White "White, Max"]
[Black "Cacciatore, Luc"]
[Result "0-1"]
[WhiteElo "1063"]
[BlackElo "1298"]
[PlyCount "58"]
[EventDate "2019.08.16"]
[EventType "swiss"]
[EventRounds "9"]
[EventCountry "CAN"]

1. e4 e5 2. Nf3 Nc6 3. Bc4 Be7 4. Bb5 Nf6 5. d3 O-O 6. O-O a6 7. Bxc6 dxc6 8.
Nxe5 Bd6 9. Nc4 Re8 10. Nxd6 cxd6 11. Nc3 Qc7 12. Bg5 Ng4 13. g3 h6 14. Bf4 Ne5
15. Bxe5 dxe5 16. f4 exf4 17. Rxf4 Qb6+ 18. Kg2 Qxb2 19. Na4 Qa3 20. c4 Rd8 21.
Rf3 Bg4 22. Re3 Bxd1 23. Rxd1 Qxa4 24. Rd2 b5 25. cxb5 Qd4 26. Re1 axb5 27. Rc1
Qe3 28. Rdd1 Rxa2+ 29. Kh1 Qf3+ 0-1

[Event "NAYCC U10"]
[Site "Kingston CAN"]
[Date "2019.08.19"]
[Round "8.47"]
[White "Huang, Ryan"]
[Black "Villegas, Howard"]
[Result "1/2-1/2"]
[WhiteElo "773"]
[BlackElo "724"]
[PlyCount "69"]
[EventDate "2019.08.16"]
[EventType "swiss"]
[EventRounds "9"]
[EventCountry "CAN"]

1. e4 e5 2. Nf3 Nc6 3. Nc3 Nf6 4. Bb5 Be7 5. Bxc6 dxc6 6. Nxe5 O-O 7. O-O Bd6
8. d4 c5 9. Bf4 cxd4 10. Qxd4 c5 11. Qe3 Qc7 12. Nb5 Qb6 13. Nxd6 Qxd6 14. Ng6
Ng4 15. Bxd6 Nxe3 16. fxe3 Rd8 17. Ne7+ Kh8 18. Nxc8 Raxc8 19. Be7 Rd7 20. Bh4
f6 21. Rad1 Rxd1 22. Rxd1 h6 23. Rd7 Re8 24. Rxb7 Rxe4 25. Rb8+ Kh7 26. Bf2 Ra4
27. Rc8 Rxa2 28. Rxc5 Ra1+ 29. Be1 Rxe1+ 30. Kf2 Rc1 31. Rc8 a5 32. Ra8 Rxc2+
33. Kg3 Rxb2 34. Rxa5 Rb3 35. Kf3 1/2-1/2

[Event "NAYCC U10"]
[Site "Kingston CAN"]
[Date "2019.08.20"]
[Round "9.22"]
[White "Xu, Alex"]
[Black "Lin, Leo"]
[Result "0-1"]
[WhiteElo "1763"]
[BlackElo "1772"]
[PlyCount "76"]
[EventDate "2019.08.16"]
[EventType "swiss"]
[EventRounds "9"]
[EventCountry "CAN"]

1. e4 c5 2. Nf3 d6 3. d4 cxd4 4. Nxd4 Nf6 5. Nc3 a6 6. Bg5 Nbd7 7. f4 Qc7 8.
Qf3 h6 9. Bh4 g5 10. fxg5 hxg5 11. Bg3 Ne5 12. Bxe5 dxe5 13. Nf5 g4 14. Qf2
Bxf5 15. Qxf5 Bh6 16. Be2 Qb6 17. Qxe5 Qxb2 18. O-O Be3+ 19. Kh1 Bd2 20. Qf5
Qxc3 21. Bxg4 Rg8 22. Bh3 Rg5 23. Qf2 Rg7 24. Qb6 Rb8 25. Qa7 Qe5 26. Rab1 Nxe4
27. Rxb7 Rxb7 28. Qxb7 Nf2+ 29. Kg1 Nxh3+ 30. Kh1 Nf2+ 31. Kg1 f6 32. Qc8+ Kf7
33. Qc4+ e6 34. Rxf2 Be3 35. Qf1 Bxf2+ 36. Kxf2 Qd4+ 37. Ke2 Qc4+ 38. Kf2 Qxf1+
0-1

[Event "NAYCC U10"]
[Site "Kingston CAN"]
[Date "2019.08.20"]
[Round "9.23"]
[White "Vemparala, Nikash"]
[Black "Yang, Jingyun (Ryan)"]
[Result "1-0"]
[WhiteElo "1485"]
[BlackElo "1875"]
[PlyCount "89"]
[EventDate "2019.08.16"]
[EventType "swiss"]
[EventRounds "9"]
[EventCountry "CAN"]

1. e4 e5 2. Nf3 Nc6 3. Bc4 Bc5 4. c3 Nf6 5. d3 d6 6. Bb3 h6 7. Nbd2 O-O 8. O-O
Re8 9. h3 a6 10. Re1 Ba7 11. Nf1 Nh5 12. Be3 Bxe3 13. Nxe3 Nf4 14. Kh2 Qf6 15.
Nd5 Nxd5 16. Bxd5 Ne7 17. Bb3 Ng6 18. d4 Nf4 19. Ng1 Ne6 20. Bxe6 Bxe6 21. Qf3
Qg5 22. d5 Bd7 23. Rad1 Rf8 24. Qg3 Qe7 25. c4 f5 26. exf5 Bxf5 27. Qb3 b6 28.
Nf3 Qf7 29. Qe3 Qh5 30. Nd2 Rf6 31. Qf3 Qf7 32. Qc3 Bd7 33. Nf3 Bxh3 34. Nxe5
dxe5 35. Qxh3 Rxf2 36. Rxe5 Rxb2 37. Rde1 b5 38. Re7 Qf4+ 39. Kh1 bxc4 40. R7e4
Qf2 41. Qg4 c3 42. Re8+ Qf8 43. Rxf8+ Rxf8 44. Re7 c2 45. Qxg7# 1-0

[Event "NAYCC U10"]
[Site "Kingston CAN"]
[Date "2019.08.20"]
[Round "9.24"]
[White "Meister, Xan"]
[Black "Tang, Benjamin"]
[Result "1-0"]
[WhiteElo "1353"]
[BlackElo "1579"]
[PlyCount "47"]
[EventDate "2019.08.16"]
[EventType "swiss"]
[EventRounds "9"]
[EventCountry "CAN"]

1. d4 Nf6 2. c4 g6 3. Nc3 Bg7 4. Nf3 d6 5. Bg5 a6 6. Bh4 O-O 7. e3 c5 8. d5 Qa5
9. Bd3 Bd7 10. O-O h6 11. e4 e5 12. Qd2 Nh5 13. Ne1 f5 14. f4 exf4 15. Be7 Re8
16. Bxd6 Bxc3 17. bxc3 fxe4 18. Qxf4 exd3 19. Qf7+ Kh8 20. Qxg6 Qxc3 21. Nxd3
Qxc4 22. Kh1 Qxd5 23. Rf7 Qxf7 24. Qxf7 1-0

[Event "NAYCC U10"]
[Site "Kingston CAN"]
[Date "2019.08.20"]
[Round "9.25"]
[White "Wang, Alexander"]
[Black "Zhang, Brian"]
[Result "1-0"]
[WhiteElo "1487"]
[BlackElo "1526"]
[PlyCount "81"]
[EventDate "2019.08.16"]
[EventType "swiss"]
[EventRounds "9"]
[EventCountry "CAN"]

1. e4 e5 2. Nf3 Nc6 3. Bb5 a6 4. Ba4 Nf6 5. O-O d6 6. c3 b5 7. Bc2 Be7 8. h3
O-O 9. Re1 Bb7 10. a3 Na5 11. d4 Nc6 12. Be3 Re8 13. d5 Nb8 14. Nbd2 Nbd7 15.
Nf1 Bf8 16. Ng3 g6 17. a4 bxa4 18. Bxa4 Bg7 19. Qc2 Rf8 20. Bb3 Nb6 21. c4 Qd7
22. Red1 Ne8 23. c5 dxc5 24. Bxc5 Nd6 25. Rac1 Rac8 26. Qe2 Rfe8 27. h4 f5 28.
exf5 gxf5 29. Ng5 Kh8 30. Qh5 Bf6 31. Bxd6 cxd6 32. Nf7+ Kg8 33. Nxf5 Qxf7 34.
Nh6+ Kh8 35. Nxf7+ Kg8 36. Nh6+ Kh8 37. Qf7 Bxh4 38. Qxb7 Bg5 39. Nf7+ Kg8 40.
Nxg5 Kf8 41. Qf7# 1-0

[Event "NAYCC U10"]
[Site "Kingston CAN"]
[Date "2019.08.20"]
[Round "9.26"]
[White "Chamadia, Avaan"]
[Black "Darvekar, Yash"]
[Result "1-0"]
[WhiteElo "1362"]
[BlackElo "1505"]
[PlyCount "61"]
[EventDate "2019.08.16"]
[EventType "swiss"]
[EventRounds "9"]
[EventCountry "CAN"]

1. e4 c5 2. Nf3 g6 3. d4 cxd4 4. Nxd4 Nc6 5. Nc3 Bg7 6. Be3 Nf6 7. Bc4 O-O 8.
Bb3 d6 9. f3 e6 10. g4 d5 11. g5 Nd7 12. exd5 exd5 13. Bxd5 Re8 14. Ne4 Qa5+
15. Kf2 Qxd5 16. c4 Qe5 17. Ne2 f5 18. Bf4 Qc5+ 19. Nxc5 Nxc5 20. Qd5+ Ne6 21.
Rad1 a6 22. Qd2 Nxf4 23. Nxf4 Bd4+ 24. Kg2 Be6 25. Nxe6 Rxe6 26. Rhe1 Rd6 27.
Qe2 Rad8 28. c5 Rd5 29. Qe6+ Kf8 30. Re2 Rxc5 31. Rxd4 1-0

[Event "NAYCC U10"]
[Site "Kingston CAN"]
[Date "2019.08.20"]
[Round "9.27"]
[White "Yao, Henry"]
[Black "Shi, Michael"]
[Result "0-1"]
[WhiteElo "1405"]
[BlackElo "1795"]
[PlyCount "94"]
[EventDate "2019.08.16"]
[EventType "swiss"]
[EventRounds "9"]
[EventCountry "CAN"]

1. e4 e5 2. Nf3 Nc6 3. Bc4 Bc5 4. d3 Nf6 5. Nbd2 d6 6. Nf1 Be6 7. Bb3 Qd7 8.
Be3 Bb6 9. Qd2 Bxe3 10. fxe3 O-O-O 11. Bxe6 fxe6 12. O-O-O d5 13. exd5 exd5 14.
Ng3 Rhf8 15. Rhf1 g6 16. Kb1 Kb8 17. Qc3 Qd6 18. Qa3 Qxa3 19. bxa3 Ng4 20. Rde1
b6 21. h3 Nf6 22. Ng5 Rde8 23. Re2 h6 24. Nf3 Nd7 25. Ref2 g5 26. Ne2 e4 27.
dxe4 Rxe4 28. Nc3 Rxe3 29. Nxd5 Rxa3 30. Ne5 Ncxe5 31. Rxf8+ Nxf8 32. Rxf8+ Kb7
33. Rf6 Rg3 34. Rxh6 Rxg2 35. Rh7 Kc6 36. Nxc7 Nc4 37. c3 Na3+ 38. Ka1 Kc5 39.
Rg7 Kc4 40. Ne6 Kxc3 41. Rxg5 Rd2 42. Rg3+ Kc2 43. Rg1 Kc3 44. Rg3+ Kb4 45. Rg1
Nb5 46. Rb1+ Ka4 47. Rc1 Ka3 0-1

[Event "NAYCC U10"]
[Site "Kingston CAN"]
[Date "2019.08.20"]
[Round "9.28"]
[White "Liu, Lucas"]
[Black "Ho, Jasper"]
[Result "0-1"]
[WhiteElo "1401"]
[BlackElo "1730"]
[Annotator ",Microsoft"]
[PlyCount "34"]
[EventDate "2019.08.16"]
[EventType "swiss"]
[EventRounds "9"]
[EventCountry "CAN"]

1. d4 d5 2. c4 c6 3. Nf3 Nf6 4. Nc3 e6 5. Bf4 dxc4 6. e4 b5 7. a4 Bb4 8. Bg5 h6
9. Bxf6 Qxf6 10. Be2 Bb7 11. O-O a6 12. e5 Qe7 13. Ne4 Nd7 14. b3 Nb6 15. a5
Nd7 16. bxc4 bxc4 17. Bxc4 Rd8 {etc. 0-1 in 27 moves.} 0-1

[Event "NAYCC U10"]
[Site "Kingston CAN"]
[Date "2019.08.20"]
[Round "9.29"]
[White "Guo, Edward"]
[Black "Georgescu-Nicolau, Luca"]
[Result "1-0"]
[WhiteElo "1666"]
[BlackElo "1337"]
[PlyCount "119"]
[EventDate "2019.08.16"]
[EventType "swiss"]
[EventRounds "9"]
[EventCountry "CAN"]

1. d4 d5 2. Nf3 Nf6 3. Bf4 h6 4. h3 Bf5 5. e3 e6 6. Bd3 Bxd3 7. Qxd3 c6 8. Nbd2
Bd6 9. O-O Bxf4 10. exf4 Qc8 11. Rfe1 O-O 12. Ne5 Nbd7 13. Re2 Nxe5 14. fxe5
Nd7 15. Nf3 Nb6 16. g4 g6 17. Kg2 Qd7 18. Nh4 Rae8 19. f4 Qe7 20. Nf3 Kh8 21.
Rh1 Nd7 22. Qc3 Kg7 23. h4 Rh8 24. h5 Reg8 25. Kf1 Kf8 26. hxg6 fxg6 27. Reh2
Qh7 28. Qa3+ Ke8 29. Qxa7 Qf7 30. Rxh6 Rxh6 31. Qa8+ Ke7 32. Qa3+ c5 33. Rxh6
b6 34. Ke2 Kd8 35. Qa8+ Kc7 36. Qa7+ Kc6 37. Ke3 Rg7 38. Qa8+ Kc7 39. dxc5 bxc5
40. Qa5+ Kc6 41. Qa4+ Kb6 42. Qb3+ Kc6 43. Qc3 Kb6 44. Qb3+ Kc6 45. c3 Rg8 46.
Ng5 Qe7 47. Rh7 Qe8 48. Qa4+ Kc7 49. Qa7+ Kc6 50. Qa6+ Kc7 51. Nxe6+ Kb8 52.
Qb5+ Kc8 53. Qc6+ Kb8 54. Rxd7 Qxd7 55. Qxd7 Rg7 56. Qxg7 g5 57. Qc7+ Ka8 58.
Nxc5 gxf4+ 59. Kxf4 d4 60. Qb7# 1-0

[Event "NAYCC U10"]
[Site "Kingston CAN"]
[Date "2019.08.20"]
[Round "9.30"]
[White "Jiang, Barron Jiyu"]
[Black "Ran, Sean"]
[Result "1-0"]
[WhiteElo "1421"]
[BlackElo "1264"]
[PlyCount "119"]
[EventDate "2019.08.16"]
[EventType "swiss"]
[EventRounds "9"]
[EventCountry "CAN"]

1. e4 e5 2. Nf3 Nc6 3. d4 exd4 4. Nxd4 Bc5 5. Nb3 Bb6 6. Nc3 Nf6 7. a4 a6 8.
Be2 O-O 9. O-O h6 10. Kh1 d6 11. f4 Re8 12. Bf3 Bd7 13. Re1 Qc8 14. Nd5 Ng4 15.
Nxb6 cxb6 16. Qxd6 Rd8 17. Qd2 Be6 18. Qe2 h5 19. Be3 Nb4 20. c3 Bc4 21. Bxg4
hxg4 22. Qf2 Nd3 23. Qc2 Nxe1 24. Rxe1 Bd3 25. Qf2 Bxe4 26. Bxb6 Re8 27. Nc5
Qc6 28. Nxe4 Rxe4 29. Rxe4 Qxe4 30. b4 Qb1+ 31. Qg1 Qxg1+ 32. Kxg1 f5 33. Kf2
Re8 34. Kg3 Re4 35. a5 Re2 36. h3 gxh3 37. Kxh3 Kf7 38. g4 fxg4+ 39. Kxg4 g6
40. Kf3 Re8 41. Bc5 Kf6 42. Bd4+ Kf5 43. Be3 Rd8 44. Bd4 Rd6 45. Ke3 Rd5 46.
Kf3 g5 47. fxg5 Kxg5 48. Ke4 Rb5 49. Bc5 Kf6 50. Kd5 Kf7 51. c4 Rxa5 52. bxa5
Ke8 53. Kd6 Kd8 54. Bb6+ Kc8 55. Bc7 b5 56. cxb5 axb5 57. Kc6 b4 58. a6 b3 59.
a7 b2 60. a8=R# 1-0

[Event "NAYCC U10"]
[Site "Kingston CAN"]
[Date "2019.08.20"]
[Round "9.31"]
[White "Yang, Larry"]
[Black "Soni, Arjun"]
[Result "1/2-1/2"]
[WhiteElo "1378"]
[BlackElo "1665"]
[PlyCount "154"]
[EventDate "2019.08.16"]
[EventType "swiss"]
[EventRounds "9"]
[EventCountry "CAN"]

1. e4 e5 2. Nf3 Nc6 3. Bc4 Bc5 4. c3 Nf6 5. d3 h6 6. b4 Bb6 7. b5 Na5 8. Nxe5
Nxc4 9. Nxc4 O-O 10. Nxb6 axb6 11. O-O d5 12. e5 Nd7 13. d4 Nb8 14. Re1 Bd7 15.
Qd3 Ra5 16. a4 Bxb5 17. Qg3 Kh7 18. Ba3 Bxa4 19. Bxf8 Qxf8 20. e6 Qe7 21. f4 f6
22. f5 Kg8 23. Nd2 Be8 24. Nb3 Rb5 25. Nd2 Na6 26. Re3 Rb2 27. Nf3 c5 28. Rd1
Ba4 29. Rd2 Rb1+ 30. Re1 Rb3 31. Rc1 c4 32. Ra2 Be8 33. Nd2 Rb5 34. Qf3 Bc6 35.
Qf2 Ra5 36. Rca1 Rxa2 37. Rxa2 b5 38. Nb1 b4 39. Qb2 b3 40. Ra5 g6 41. Qf2 Nc7
42. Qg3 Qg7 43. fxg6 Nxe6 44. Ra8+ Nf8 45. Qd6 f5 46. Qe6+ Kh8 47. Qxf5 Kg8 48.
Qe6+ Kh8 49. Qf7 Qxf7 50. gxf7 Kg7 51. Kf2 Bd7 52. Rb8 Bc6 53. Ke3 Kxf7 54. g3
Nd7 55. Rh8 Kg7 56. Rc8 Nf6 57. Rc7+ Kg6 58. h3 Ne4 59. Kf3 Ng5+ 60. Kg2 Ne6
61. Re7 Kf6 62. Rh7 Kg6 63. Re7 Ng5 64. h4 Ne4 65. Kf3 Kf6 66. Re5 b5 67. g4 b4
68. Ke2 Nxc3+ 69. Nxc3 bxc3 70. Kd1 c2+ 71. Kc1 c3 72. g5+ hxg5 73. hxg5+ Kf7
74. g6+ Kf8 75. g7+ Kxg7 76. Rg5+ Kf6 77. Rg6+ Kxg6 1/2-1/2

[Event "NAYCC U10"]
[Site "Kingston CAN"]
[Date "2019.08.20"]
[Round "9.32"]
[White "Liang, Leon"]
[Black "Liu, Eric"]
[Result "0-1"]
[WhiteElo "1198"]
[BlackElo "1459"]
[PlyCount "72"]
[EventDate "2019.08.16"]
[EventType "swiss"]
[EventRounds "9"]
[EventCountry "CAN"]

1. d4 d5 2. c4 e6 3. Nc3 Nf6 4. Bg5 Be7 5. Nf3 O-O 6. e3 Nbd7 7. Bd3 c5 8. O-O
h6 9. Bh4 b6 10. b3 Bb7 11. Nd2 Rc8 12. Rc1 a6 13. a4 Qc7 14. Be2 Bd6 15. Bg3
Bxg3 16. hxg3 Qb8 17. Bf3 Rfd8 18. Qe2 Nf8 19. Rfd1 Ng6 20. Kh1 e5 21. dxe5
Nxe5 22. cxd5 Nxf3 23. Nxf3 Nxd5 24. Nb1 Qa8 25. Na3 b5 26. Rg1 b4 27. Nc4 Nc3
28. Rxc3 bxc3 29. Nb6 Bxf3 30. gxf3 Rd2 31. Qc4 Qxf3+ 32. Kh2 Rxf2+ 33. Kh3
Qh5+ 34. Qh4 Qxh4+ 35. gxh4 Rd8 36. Rc1 c2 0-1